Late marx and the russians road ; (Record no. 142760)

MARC details
000 -LEADER
fixed length control field 00603nam a22001937a 4500
005 - DATE AND TIME OF LATEST TRANSACTION
control field 20170721115245.0
010 ## - LCCN (DPL NO)
LC control number ENG-119370
020 ## - INTERNATIONAL STANDARD BOOK NUMBER
International Standard Book Number 9789350020036
Terms of availability 295.00
035 ## - SYSTEM CONTROL NUMBER
System control number EN-102902
037 ## - SOURCE OF ACQUISITION
Source of stock number/acquisition DBAD/PUB
082 ## - DEWEY DECIMAL CLASSIFICATION NUMBER
Classification number 335.423
100 ## - MAIN ENTRY--PERSONAL NAME
Personal name Shanin, Teodor
245 ## - TITLE STATEMENT
Title Late marx and the russians road ;
Remainder of title Marx and 'The peripheries of capitalism' /
Statement of responsibility, etc by Teodor Shanin
260 ## - PUBLICATION, DISTRIBUTION, ETC. (IMPRINT)
Place of publication, distribution, etc Delhi
Name of publisher, distributor, etc Aakar Books
Date of publication, distribution, etc 2010
270 ## - ADDRESS
Address 28 E Pocket IV, Mayur Vihar Phase I
City Delhi
Postal code 110091
300 ## - PHYSICAL DESCRIPTION
Extent x,286p.
Dimensions 22cm. (pbk)
500 ## - GENERAL NOTE
General note Include index
942 ## - ADDED ENTRY ELEMENTS (KOHA)
Source of classification or shelving scheme Dewey Decimal Classification
Item type English Books
Classification part 335.423
Call number suffix SHA
Holdings
Withdrawn status Lost status Not for loan Collection code Home library Current library Date acquired Source of acquisition Cost, normal purchase price Full call number Barcode Copy number Cost, replacement price Koha item type
      Non-fiction Shahdara Branch Shahdara Branch 21/07/2017 DBAD/PUB 295.00 335.423 SHA EN-102902 1 295.00 English Books

© Delhi Public Library
Hit Counter
free hit counter